00971nam a2200193 a 450000100100000000500170001000800410002702000150006804000250008310000450010824501070015326001070026030000210036749000830038871000960047183000880056795201050065599900170076000004173420201002035726.0131016s1995 sp 000 0 spa d a8400075439 aDO-SdBNPbspacBNPHU1 aOrtega Monasterio, María Teresa96557413aLa Masora Parva del Códice de Profetas del Cairo, :bCasos let. /cMaría Teresa Ortega Monasterio. aMadrid :bInstituto de Filología, Departamento de Filología Bíblica y de Oriente Antiguo,c1995. a216 p. ;c27 cm.1 aTextos y estudios "Cardenal Cisneros" de la Biblia Plíglota Matritense ;v592 aInstituto de Filología, Departamento de Filología Bíblica y de Oriente Antiguo968576 0aTextos y estudios "Cardenal Cisneros" de la Biblia Plíglota Matritensev59968577 001050718MOaGRbGRcCTd2013-10-16iLF1l0o p41734-10r2020-06-25w2020-06-25y1ZNo se presta c41223d41223